000 00872nas a2200253 i 4500
005 20260514123614.0
007 ta
008 260514b |||||||| |||| 00| 0 spa d
022 _a1811-508x
040 _aDO-SdBNP
_bspa
_cBNPHU
_erda
110 _aHospital General Regional Dr. Marcelino Velez Santana
_989560
245 _aSalud moderna
264 _aSanto Domingo, República Dominicana :
_bPROGRAFICA ;
_c2004.
300 _avolumen :
_bIlustraciones, tablas, gráficos ;
_c28 cm.
310 _aTrimestral.
336 _atexto
_btxt
_2rdacontent
337 _asin mediación
_bn
_2rdamedia
338 _avolumen
_bnc
_2rdacarrier
500 _aCatalogación basada en publicación Año 1, N° 4, agosto-octubre 2004.
650 0 _aMedicina
_912481
650 0 _aInstituciones de salud
_977849
655 0 _aPublicaciones periódicas
_987420
942 _2ddc
_cISSUE
999 _c60742
_d60742